00581nam a2200145 a 450000100100000000500170001000800410002704000250006824501080009326000430020130000280024470000410027295201050031399900170041800004336720201002040842.0140311s1942 ag 000 0 spa d aDO-SdBNPbspacBNPHU00aCinco Años en Buenos Aires 1820-1825 /cpor "Un Inglés". Prólogo de Alejo B. González Garaño. aArgentina :bEdiciones "Solar",c1942. aXVIII, 242 p. ;c20 cm.12aGonzález Garaño, Alejo B.971029 001050718MOaGRbGRcCTd2014-03-11iLF1l0o p43367-10r2020-06-25w2020-06-25y1ZNo se presta c42856d42856